¡Hola, aquí estoy! (Record no. 838558)
[ view plain ]
| 000 -CABECERA | |
|---|---|
| Campo de control de longitud fija | 00654nam a2200229 4500 |
| 001 - NÚMERO DE CONTROL | |
| Campo de control | VA62985 |
| 003 - IDENTIFICADOR DEL NÚMERO DE CONTROL | |
| Campo de control | ES-SlBCS |
| 005 - FECHA Y HORA DE LA ÚLTIMA TRANSACCIÓN | |
| Campo de control | 20210601161151.0 |
| 008 - CÓDIGOS DE INFORMACIÓN DE LONGITUD FIJA | |
| Campo de control de longitud fija | 140520s1985 xxu||||| |||| 00| 0 spa d |
| 017 ## - NÚMERO DE COPYRIGHT O DE DEPÓSITO LEGAL | |
| Número de copyright o de depósito legal | B-12234-1985 |
| 020 ## - NÚMERO INTERANCIONAL NORMALIZADO PARA LIBROS (ISBN) | |
| Número Internacional Normalizado para Libros (ISBN) | 84-85791-18-5 |
| 041 ## - CÓDIGO DE LENGUA | |
| Código de lengua del texto/banda sonora o título independiente | spa |
| 100 1# - PUNTO DE ACCESO PRINCIPAL-NOMBRE DE PERSONA | |
| Nombre de persona | Breinholst, Willy |
| 9 (RLIN) | 398801 |
| 245 10 - MENCIÓN DE TÍTULO | |
| Título | ¡Hola, aquí estoy! |
| Resto del título | :Nueve meses de aventura fascinante hasta mi nacimiento |
| Mención de responsabilidad, etc. | Willy Breinholst; Quim Vilar |
| 250 ## - MENCIÓN DE EDICIÓN | |
| Mención de edición | 2ª ed. |
| 260 ## - PUBLICACIÓN, DISTRIBUCIÓN, ETC... (PIE DE IMPRENTA) | |
| Lugar de publicación, distribución, etc. | Barcelona : |
| Nombre del editor, distribuidor, etc. | Elfos |
| Fecha de publicación, distribución, etc. | , 1985 |
| 300 ## - DESCRIPCIÓN FÍSICA | |
| Extensión | 117 p.; |
| Dimensiones | 19 cm |
| 650 04 - PUNTO DE ACCESO ADICIONAL DE MATERIA-TÉRMINO DE MATERIA | |
| Término de materia o nombre geográfico como elemento inicial | Nacimiento |
| 9 (RLIN) | 113673 |
| 700 1# - PUNTO DE ACCESO ADICIONAL-NOMBRE DE PERSONA | |
| Nombre de persona | Mundó, Eulàlia |
| 9 (RLIN) | 398802 |
| 700 1# - PUNTO DE ACCESO ADICIONAL-NOMBRE DE PERSONA | |
| Nombre de persona | Vilar, Quim |
| 9 (RLIN) | 398803 |
| 942 ## - ENTRADA DE ELEMENTOS AGREGADOS (KOHA) | |
| Koha [por defecto] tipo de item | Libros |
| Suprimido | Perdido | Estropeado | No para préstamo | Localización permanente | Localización actual | Localización en estantería | Fecha adquisición | Préstamos totales | Signatura completa | Número de Registro / Código de Barras | Fecha última consulta | Fecha del precio de reemplazo | Tipo de item de Koha |
|---|---|---|---|---|---|---|---|---|---|---|---|---|---|
| San Esteban | San Esteban | Valladolid | 11/07/2014 | 71/B10 | VA62985 | 11/07/2014 | 11/07/2014 | Libros |
